Seznamte se... pojistný trh Lloyd´s of London

Najznámejšie subjekty na poistnom a zaistnom trhu na svete. Spoločnosť Lloyd´s, ktorá riadi a dohliada na fungovanie samotného poistného trhu. Aktuálna situácia a poskytovanie poistných produktov v súčasnosti.

Salvato in:
Dettagli Bibliografici
Autore principale: Rybková, Jana
Natura: Capitolo di libro
Lingua:ceco
Soggetti:
Tags: Aggiungi Tag
Nessun Tag, puoi essere il primo ad aggiungerne!!

MARC

LEADER 00000naa a2200000 4500
001 0208654
005 20220729111532.7
041 0 |a cze 
044 |a CZ 
245 1 0 |a Seznamte se... pojistný trh Lloyd´s of London  |c Jana Rybková 
520 |a Najznámejšie subjekty na poistnom a zaistnom trhu na svete. Spoločnosť Lloyd´s, ktorá riadi a dohliada na fungovanie samotného poistného trhu. Aktuálna situácia a poskytovanie poistných produktov v súčasnosti. 
610 2 0 |a poisťovníctvo 
610 2 0 |a poisťovne 
610 2 0 |a poistenie 
610 2 0 |a zaistenie 
610 2 0 |a spoločnosti 
610 2 0 |a trh poistný 
610 2 0 |a riziko poistné 
610 2 0 |a portfólio 
610 2 0 |a produkty 
610 2 0 |a podmienky poistné 
100 1 |a Rybková, Jana